| 000 | 01143nam0a22002651 4500 | ||
|---|---|---|---|
| 001 | rc\2703221 | ||
| 005 | 20260407132958.0 | ||
| 035 | _a(NLR Aleph) 006831334 | ||
| 090 |
_a6548167 _c6548167 |
||
| 100 | _a20110915d1934 |||y0rusy50 ca | ||
| 101 | 0 | _arus | |
| 102 | _aRU | ||
| 105 | _aa z ||||| | ||
| 200 | 1 |
_aЭкспериментальная работа по двухточечной сварке мягкой листовой стали _fН. Н. Васильев _gОргаметалл. Экспериментально-производ. сварочный комбинат. Отд. консультации и информации |
|
| 210 |
_aМосква _cстеклогр. ЦТС ОАХ СССР _d[1934] |
||
| 215 |
_aОбл., 19 с., без тит. л. _cил. _d29х21 см. |
||
| 300 | _aСтеклогр. изд. | ||
| 700 | 1 |
_aВасильев _bН.Н. _gНиколай Николаевич |
|
| 712 | 0 | 2 |
_a"Орга-металл", трест _cМосква _9487200 _3RU\NLR\AUTH\889995133 |
| 801 | 0 |
_aRU _bNLR _gpsbo |
|
| 801 | 1 |
_aRU _bELAR _2rusmarc |
|
| 852 |
_aNLR _j34-13/845 |
||
| 942 | _cBOOK | ||
| 980 | _aNB | ||